Oxford GCSE maths for Edexcel : (Record no. 12073)
[ view plain ]
| 000 -LEADER | |
|---|---|
| fixed length control field | 00658nam a22001937a 4500 |
| 003 - CONTROL NUMBER IDENTIFIER | |
| control field | OSt |
| 005 - DATE AND TIME OF LATEST TRANSACTION | |
| control field | 20140310182337.0 |
| 008 - FIXED-LENGTH DATA ELEMENTS--GENERAL INFORMATION | |
| fixed length control field | 130925t xxu||||| |||| 00| 0 eng d |
| 020 ## - INTERNATIONAL STANDARD BOOK NUMBER | |
| International Standard Book Number | 9780199139439 |
| 050 ## - LIBRARY OF CONGRESS CALL NUMBER | |
| Classification number | QA 37.2 |
| Item number | .Ap649 2010 |
| 100 ## - MAIN ENTRY--PERSONAL NAME | |
| Personal name | Appleton, Marguerite |
| 9 (RLIN) | 1341 |
| 245 ## - TITLE STATEMENT | |
| Title | Oxford GCSE maths for Edexcel : |
| Remainder of title | specification B - higher- modular / |
| Statement of responsibility, etc | Marguerite Appleton, [et al.]. |
| 260 ## - PUBLICATION, DISTRIBUTION, ETC. (IMPRINT) | |
| Place of publication, distribution, etc | Oxford : |
| Name of publisher, distributor, etc | Oxford University Press, |
| Date of publication, distribution, etc | c2010. |
| 300 ## - PHYSICAL DESCRIPTION | |
| Extent | 456 p. : |
| Other physical details | ill. col. ; |
| Dimensions | 25 cm. |
| 500 ## - GENERAL NOTE | |
| General note | Includes index |
| 651 ## - SUBJECT ADDED ENTRY--GEOGRAPHIC NAME | |
| Geographic name | Mathematics |
| General subdivision | Study and teaching (Secondary) |
| -- | Great Britain |
| 9 (RLIN) | 21604 |
| 942 ## - ADDED ENTRY ELEMENTS (KOHA) | |
| Source of classification or shelving scheme | Library of Congress Classification |
| Koha item type | |
| Withdrawn status | Lost status | Source of classification or shelving scheme | Damaged status | Home library | Current library | Shelving location | Date acquired | Total Checkouts | Total Renewals | Full call number | Barcode | Date last seen | Date checked out | Copy number | Price effective from | Koha item type |
|---|---|---|---|---|---|---|---|---|---|---|---|---|---|---|---|---|
| Library of Congress Classification | Luxembourg Library | Luxembourg Library | Teachers Reference Section | 09/25/2013 | 1 | 4 | QA 37.2 .Ap649 2010 | 19545 | 04/11/2015 | 06/05/2014 | 1 | 09/25/2013 | Books | |||
| Library of Congress Classification | Luxembourg Library | Luxembourg Library | Teachers Reference Section | 09/25/2013 | 1 | 2 | QA 37.2 .Ap649 2010 | 19546 | 04/11/2015 | 08/20/2014 | 2 | 09/25/2013 | Books |